000 00590nam a2200193Ia 4500
005 20260114185811.0
008 008 260114s9999 xx 000 0 eng d
020 _a9781350050907
037 _aEBOOK
040 _aCRL
_beng
_cCRL
041 _aeng
_2eng
084 _qCRL
100 _aPaul Jobling
_9874556
245 0 _aAdvertising Menswear Masculinity and Fashion in the British Media since 1945
260 _bBloomsbury
_c2017
856 _uhttps://doi.org/10.5040/9781350050907?locatt=label:secondary_bloomsburyCollections
942 _cEBOOK
999 _c1473490
_d1473490